Strikers By Club - Statistics

General Stats
  • This quiz has been taken 96 times
  • The average score is 20 of 50
Answer Stats
Club Striker % Correct
Real Madrid Karim Benzema
85%
Bayern Munich Robert Lewandowski
83%
Manchester City Sergio Agüero
81%
FC Barcelona Luis Suarez
75%
Tottenham Hotspur Harry Kane
74%
Paris SG Zlatan Ibrahimovic
72%
Everton FC Romelu Lukaku
71%
Leicester City Jamie Vardy
69%
Borussia Dortmund Pierre-Emerick Aubameyang
68%
Arsenal FC Olivier Giroud
67%
Chelsea FC Diego Costa
60%
SSC Napoli Gonzalo Higuain
58%
Atletico Madrid Antoine Griezmann
57%
Montreal Impact Dider Drogba
54%
Boca Juniors Carlos Tévez
53%
Olympique Lyonnais Alexandre Lacazette
51%
Manchester United Anthony Martial
47%
New York City FC David Villa
47%
AS Roma Edin Dzeko
47%
Inter Milan Mauro Icardi
47%
Celta Vigo Iago Aspas
46%
River Plate Rodrigo Mora
46%
Schalke 04 Klaas-Jan Huntelaar
44%
Juventus Paulo Dybala
43%
Athletic Bilbao Aritz Aduriz
36%
Southampton Graziano Pellè
35%
PSV Eindhoven Luuk de Jong
33%
Besiktas Mario Gomez
33%
Fenerbahçe SK Robin van Persie
32%
AC Milan Carlos Bacca
31%
Liverpool FC Christian Benteke
28%
Bayer Leverkusen Javier Hernandez
28%
VfL Wolfsburg Bas Dost
26%
FC Sevilla Kévin Gameiro
26%
Zenit Artem Dzyuba
25%
Valencia CF Paco Alcacer
24%
CSKA Moscow Seydou Doumbia
24%
FC Porto Vincent Aboubakar
22%
AC Fiorentina Nikola Kalinic
17%
AFC Ajax Arkadiusz Milik
15%
Galatasaray SK Burak Yilmaz
14%
Olympique de Marseille Michy Batshuayi
14%
Villarreal CF Cédric Bakambu
11%
SL Benfica Kostas Mitroglou
10%
Dynamo Kiev Junior Moraes
7%
Borussia M'Gladbach Raffael
7%
Sporting CP Teofilo Gutierrez
7%
Real Sociedad Imanol Agirretxe
6%
FC Basel Mark Janko
4%
Shakhtar Donetsk Oleksandr Hladkyy
3%
No matching quizzes found
Score Distribution
Percent of People with Each Score
Percentile by Number Answered
Your Score History
You have not taken this quiz